Country by Skyscraper (Picture Quiz) #1 - Statistics

General Stats
  • This quiz has been taken 30 times
  • The average score is 6 of 16
Answer Stats
Picture Answer % Correct
United Arab Emirates
100%
United States
80%
United Kingdom
65%
China
60%
Saudi Arabia
55%
Germany
45%
Chile
40%
Australia
35%
Russia
25%
South Africa
25%
Canada
20%
Mexico
15%
Singapore
15%
Egypt
10%
Spain
10%
Brazil
5%
No matching quizzes found
Score Distribution
Percent of People with Each Score
Percentile by Number Answered
Your Score History
You have not taken this quiz